000 01087nam a2200289Ia 4500
003 OSt
005 20221005110556.0
006 a|||||r|||| 00| 0
007 ta
008 221004b |||||||| |||| 00| 0 hin d
020 _a9789326351614 (pbk)
_cINR 100.00
024 _a37073
037 _bBW/1695, 15/03/2018, Bookwell
_cTextual
040 _aCRL
_cCRL
_bhin
041 _2hin
_ahin
082 _aO152,3N212,JU, Q5
100 _aफणीश्वरनाथ, ‘रेणु’, ले.
245 0 _aजुलूस
246 _aJulūsa
260 _aनई दिल्ली
_bभारतीय ज्ञानपीठ भारत
_c2015
300 _a128पृ0
_ccm.
490 _aलोकोदय ग्रन्थमाला; ग्रन्थांक 215
650 _a हिन्दी साहित्य
650 _aहिन्दी कहानी
942 _hO152,3N212,JU, Q5
_cTEXL
_2cc
999 _c1019259
_d1019259